01092nam a2200265Ia 4500001000600000003000900006008004100015040001300056040001300069041001300082100002100095100002900116240003700145240003500182245004400217245004400261250001100305260001100316260001600327260004900343300004300392500033500435650002500770650003100795 9760IT-RoPAU130308s9999 xx 000 0 und d aIT-RoPAU cIT-RoPAU aITALIANO aArbib Michael A. gCodice Aut. SPICS: 9829 aBRAINS, machines AND MATHEMATICS gCodice Tit. Orig. Spics: T1324 aMente (La), le macchine e la matematica bMente (La), le Macchine e la Matematica a1a ed. aTORINO bBoringhieri c1968 [1° Ed.:1968 - Ed.Ling.Originale:1964] a"164 p. (prefazione: no ; testo: 164)" aReti di Neuroni Automi Finiti e Macchine di Turing neurofisiologia Modello di Mcculloch e Pitts Struttura e Casualità€ Perceptron correzione degli Errori nelle comunicazioni e Nei Calcoli cibernetica Teorema di Incompletezza di Godel nozioni Elementari di Teoria degli Insiemi Teoria di Cowan Teoria di Winograd Teoria di Shannon aSAGGI DI CIBERNETICA eCodice materia Spics: 4107